| 000 | 00664nam a22001697a 4500 | ||
|---|---|---|---|
| 999 |
_c12361 _d12361 |
||
| 008 | 190123b ||||| |||| 00| 0 eng d | ||
| 082 |
_22018 _aUT 1172 _bM77 |
||
| 100 |
_aMontecalvo, Elbert Jhon R. _934892 |
||
| 245 |
_aFactors affecting senior high school students preference for tertiary institution / _cElbert Jhon R. Montecalvo, Kim Brian O. Jocoy, and Noel R. Lim |
||
| 260 |
_aDigos City: _bUMDC _cNovember 2018. |
||
| 300 |
_a91 pages; _c30 cm. |
||
| 650 |
_aEducation _vMathematics _xUndergraduate thesis. _934893 |
||
| 700 |
_aMontecalvo, Elbert Jhon R. _934892 |
||
| 700 |
_aJocoy, Kim Brian O. _934894 |
||
| 700 |
_aLim, Noel R. _934895 |
||
| 942 |
_2ddc _cUT |
||